Films par GIFS #4 - Statistiques

Statistiques générales
  • Ce quiz a été pris 226 fois
  • Le résultat moyen est 14 sur 30
Statistiques - réponses
Hint Réponse % Correct
Intouchables
89%
Les Visiteurs
76%
Les Trois Freres
74%
La folie des grandeurs
72%
L'Aile ou la cuisse
71%
La soupe aux choux
71%
Split
68%
La grande vadrouille
64%
Les Bronzés font du ski
64%
Les Aventures de Rabbi Jacob
62%
La Chèvre
61%
Le Pari
61%
Le Professionnel
56%
Midsommar
54%
L'As des As
49%
L'Auberge espagnole
41%
All Hallows' Eve
39%
A Serbian Film
38%
Les Compères
37%
Hannibal
35%
Les Poupées russes
32%
Cannibal Holocaust
31%
Les Fugitifs
31%
The Human Centipede
31%
It Follows
29%
Dragon Rouge
21%
Eden Lake
21%
Salò ou les 120 Journées de Sodome
16%
The Green Inferno
16%
V/H/S
12%
Aucun quiz correspondant
Distribution des résultats
% des personnes avec chaque résultat
Percentile par nombre de réponses
Votre historique - résultats
Vous n’avez pas pris ce quiz